| 000 | 00819nam a2200265Ia 4500 | ||
|---|---|---|---|
| 008 | 180523s9999 xx 000 0 und d | ||
| 020 | _a978-1-84542-502-9 | ||
| 050 | _aMAIN HE 199.A2 | ||
| 050 | _b.G56 2007 | ||
| 245 | 0 | _aGlobalized freight transport : | |
| 245 | 0 | _bintermodality, e-commerce, logistics and sustainability / | |
| 245 | 0 | _cedited by Thomas R. Leinbach, Cristina Capineri. | |
| 260 | _aUSA : | ||
| 260 | _bEdward Elgar, | ||
| 260 | _c2007 | ||
| 300 | _a287 pages : | ||
| 300 | _c24 cm. | ||
| 440 | _aTransport economics, management and policy. | ||
| 500 | _aIncludes index. | ||
| 650 | _aBusiness logistics. | ||
| 650 | _aFreight and freightage -- North America. | ||
| 650 | _aFreight and freightage. | ||
| 650 | _xFreight and freightage -- Europe. | ||
| 650 | _xTransportation. | ||
| 999 |
_c356986 _d356986 |
||